<?xml version="1.0" encoding="UTF-8"?><?xml-stylesheet type="text/xsl" href="static/style.xsl"?><OAI-PMH xmlns="http://www.openarchives.org/OAI/2.0/" xmlns:xsi="http://www.w3.org/2001/XMLSchema-instance" xsi:schemaLocation="http://www.openarchives.org/OAI/2.0/ http://www.openarchives.org/OAI/2.0/OAI-PMH.xsd"><responseDate>2026-05-17T22:13:47Z</responseDate><request verb="GetRecord" identifier="oai:recam.amb.cat:20.500.14439/2441" metadataPrefix="marc">https://recam.amb.cat/rest/oai/request</request><GetRecord><record><header><identifier>oai:recam.amb.cat:20.500.14439/2441</identifier><datestamp>2025-03-26T10:35:48Z</datestamp><setSpec>com_20.500.14439_126</setSpec><setSpec>col_20.500.14439_141</setSpec></header><metadata><record xmlns="http://www.loc.gov/MARC21/slim" xmlns:dcterms="http://purl.org/dc/terms/" xmlns:xsi="http://www.w3.org/2001/XMLSchema-instance" xmlns:doc="http://www.lyncode.com/xoai" xsi:schemaLocation="http://www.loc.gov/MARC21/slim http://www.loc.gov/standards/marcxml/schema/MARC21slim.xsd">
   <leader>00925njm 22002777a 4500</leader>
   <datafield ind2=" " ind1=" " tag="042">
      <subfield code="a">dc</subfield>
   </datafield>
   <datafield ind2=" " ind1=" " tag="720">
      <subfield code="a">Àrea Metropolitana de Barcelona</subfield>
      <subfield code="e">author</subfield>
   </datafield>
   <datafield ind2=" " ind1=" " tag="260">
      <subfield code="c">2020-05-18</subfield>
   </datafield>
   <datafield ind2=" " ind1=" " tag="520">
      <subfield code="a">La vulnerabilitat energètica és un concepte multifactorial. És per això que el present estudi ha considerat com a vulnerabilitat energètica global la suma de diferents factors. Aquests factors s'han definit en l'estudi com a variables de risc i s'han agrupat en 5 àmbits: tecnològic, físic, econòmic, social i climàtic. Tot i que les conclusions del present estudi s'han elaborat a escala de secció censal, el treball ha estat desenvolupat a escala de parcel·la a partir de l'anàlisi del consum energètic real de 123.030 parcel·les que han superat 5 filtres de qualitat de dades, de les 165.489 parcel·les residencials totals disponibles. La principal conclusió és que els 5 municipis més vulnerables són: Corbera de Llobregat, Badia del Vallès, Montcada i Reixac, l'Hospitalet de Llobregat i Santa Coloma de Gramenet.</subfield>
   </datafield>
   <datafield ind1="8" ind2=" " tag="024">
      <subfield code="a">https://hdl.handle.net/20.500.14439/2441</subfield>
   </datafield>
   <datafield ind1="8" ind2=" " tag="024">
      <subfield code="a">9346660</subfield>
   </datafield>
   <datafield tag="653" ind2=" " ind1=" ">
      <subfield code="a">Dades massives</subfield>
   </datafield>
   <datafield tag="653" ind2=" " ind1=" ">
      <subfield code="a">Energia</subfield>
   </datafield>
   <datafield ind2="0" ind1="0" tag="245">
      <subfield code="a">Big Data energètic en el sector residencial del territori metropolità</subfield>
   </datafield>
</record></metadata></record></GetRecord></OAI-PMH>